000
00290nam a2200121Ia 4500
008
170620s9999 xx 000 0 und d
100
_a
G R.CHATWAL
245
0
_a
INSTRUMENTAL METHODS OF CHEMICAL ANALYSIS
260
_b
Himalaya
260
_c
2008
300
_a
278
546
_a
English
690
_a
CHEMICAL ANALYSIS
999
_c
31136
_d
31136